[Event "17th Asian Cities"]
[Site "Jakarta INA"]
[Date "2011.04.22"]
[Round "1.7"]
[White "Kasmiran"]
[Black "Kuan, Julian"]
[Result "1-0"]
[WhiteTitle "FM"]
[WhiteElo "2346"]
[BlackElo "1768"]
[WhiteTeam "Palembang"]
[BlackTeam "Hongkong"]
[WhiteFideId "7100620"]
[BlackFideId "6001025"]
[EventDate "2011.04.22"]

1. c4 e5 2. Nc3 Nf6 3. e3 d5 4. cxd5 Nxd5 5. Nf3 Nc6 6. Qc2 Be6 7. a3 Qd7 8. Bb5
f6 9. d4 exd4 10. Nxd4 O-O-O 11. Bxc6 bxc6 12. O-O Nb6 13. Rd1 Bd6 14. Ne4 Bd5
15. Nxd6+ Qxd6 16. e4 Bf7 17. Be3 Kb7 18. b3 g5 19. a4 c5 20. Nf5 Qe6 21. a5
Rxd1+ 22. Qxd1 Nd7 23. Qd3 Kc8 24. Rd1 Ne5 25. Qb5 Rd8 26. Rxd8+ Kxd8 27. Bxc5
Qxb3 28. Qxb3 Bxb3 29. Bxa7 Kd7 30. Bd4 Bc4 31. f3 Ke6 32. Ne3 Bb5 33. h4 c6 34.
hxg5 fxg5 35. Nc2 Nd3 36. Be3 Nf4 37. g3 Ne2+ 38. Kf2 h6 39. Nb4 Kd6 40. a6 Kc7
41. a7 Kb7 42. Nxc6 Bxc6 43. Kxe2 Kc7 44. Kd3 Kd6 45. f4 g4 46. f5 h5 47. Kd4
Ke7 48. e5 Kf7 49. Bg5 Bb7 50. e6+ Ke8 51. f6 1-0

[Event "17th Asian Cities"]
[Site "Jakarta INA"]
[Date "2011.04.22"]
[Round "1.8"]
[White "Lee, Sanghoon"]
[Black "Al-Ali, Hussein Ali Hussein"]
[Result "1/2-1/2"]
[WhiteTitle "CM"]
[BlackTitle "FM"]
[WhiteElo "2132"]
[BlackElo "2377"]
[WhiteTeam "Seoul"]
[BlackTeam "Baghdad"]
[WhiteFideId "13200011"]
[BlackFideId "4800192"]
[EventDate "2011.04.22"]

1. c4 Nf6 2. d4 e6 3. g3 Bb4+ 4. Bd2 c5 5. Bxb4 cxb4 6. Nf3 O-O 7. Bg2 d6 8. O-O
Nc6 9. Qd3 e5 10. Nbd2 Qe7 11. e4 Bg4 12. d5 Nb8 13. a3 Na6 14. a4 Nc5 15. Qe3
Bxf3 16. Bxf3 a5 17. b3 Rae8 18. Rae1 h6 19. Bd1 Qd7 20. Kg2 Qd8 21. h3 Re7 22.
g4 Rc7 23. Qg3 g5 24. h4 Nh7 25. h5 Qf6 26. Re3 Qf4 27. Rfe1 Re8 28. R1e2 f5 29.
exf5 Nf6 30. f3 Rce7 31. Bc2 Qd4 32. Ne4 Ncxe4 33. Bxe4 Kg7 34. Qf2 Nd7 35. Rd3
Qxf2+ 36. Kxf2 Kf6 37. Rde3 Nc5 38. Ra2 Rc7 39. Ke2 Rb8 40. Kd2 b6 41. Ra1 Nd7
42. Ree1 Ra8 43. Rec1 Nc5 44. Rab1 Rac8 45. Kd1 Ra7 46. Kd2 Ke7 47. Ke3 Rf8 48.
Kd2 Kd7 49. Ke3 Kc7 50. Rc2 Raa8 51. Rcc1 Kb7 52. Kd2 Rac8 53. Ke3 Rc7 54. Rd1
Rfc8 55. Rd2 b5 56. axb5 Kb6 57. Ra2 Ra8 58. Bc2 Nd7 59. Rba1 Rca7 60. Rb1 Kc5
61. Bd3 a4 62. Rba1 a3 63. Rc1 Kb6 64. Re1 Nc5 65. Bc2 Rc7 66. Kd2 Rac8 67. Rb1
Nb7 68. Bd3 Nc5 69. Bc2 Nd7 70. Be4 Nf6 71. Kd3 Ra7 72. Kd2 Kc5 73. Ke3 Nd7 74.
Bd3 Kb6 75. Kd2 Kc7 76. Ke3 Kd8 77. Kd2 Ke7 78. Ke3 Kf6 79. Be4 Nb6 80. Bd3 Re7
81. Be4 Rc5 82. Kd2 Ra7 83. Kd3 Rb7 84. Raa1 Nc8 85. Ra2 Na7 86. Kd2 Rb6 87. Bd3 1/2-1/2

[Event "17th Asian Cities"]
[Site "Jakarta INA"]
[Date "2011.04.22"]
[Round "1.8"]
[White "Ahmad, AzizJawad Obada"]
[Black "Jang, Kyungsik"]
[Result "1/2-1/2"]
[WhiteTitle "IM"]
[WhiteElo "2348"]
[BlackElo "1779"]
[WhiteTeam "Baghdad"]
[BlackTeam "Seoul"]
[WhiteFideId "4800680"]
[BlackFideId "13201166"]
[EventDate "2011.04.22"]

1. e4 c5 2. Nf3 d6 3. d4 cxd4 4. Nxd4 Nf6 5. Nc3 g6 6. Be3 Bg7 7. f3 O-O 8. Qd2
Nc6 9. g4 Bd7 10. h4 h5 11. g5 Ne8 12. Nd5 Nc7 13. c4 Nxd5 14. cxd5 Nxd4 15.
Bxd4 Bxd4 16. Qxd4 a6 17. b4 Rc8 18. Bd3 Qc7 19. Kd2 e5 20. dxe6 Bxe6 21. f4 d5
22. e5 Qd7 23. b5 Bf5 24. Bxf5 Qxf5 25. Rac1 axb5 26. Rxc8 Rxc8 27. Rc1 Rxc1 28.
Kxc1 Qc8+ 29. Kd2 Qc4 30. Ke3 Qxa2 31. e6 Qb3+ 32. Kd2 fxe6 33. Qf6 Qb4+ 34. Kc1
Qe1+ 35. Kb2 Qd2+ 36. Kb3 Qd3+ 37. Kb2 Qf5 38. Qd8+ Kg7 39. Qd7+ Qf7 40. Qd6 Kh7
41. Ka2 b4 42. Kb3 Kg8 43. Ka2 d4 44. Kb2 Kh7 45. Kc2 b3+ 46. Kb2 d3 47. Kc3 b6
48. Kb2 Qb7 49. Kc3 d2 50. Qxd2 Qd5 51. Qe3 Kg7 52. Qxb6 Qf3+ 53. Kb2 Qxf4 54.
Qxe6 Qf7 55. Qe5+ Kh7 56. Qd6 Qb7 57. Qe6 Qf3 58. Qxb3 Qf4 1/2-1/2

[Event "17th Asian Cities"]
[Site "Jakarta INA"]
[Date "2011.04.22"]
[Round "1.8"]
[White "Ismael, Namir Mohammed"]
[Black "Bae, Jisoo"]
[Result "1-0"]
[WhiteElo "2188"]
[BlackElo "1481"]
[WhiteTeam "Baghdad"]
[BlackTeam "Seoul"]
[WhiteFideId "4800800"]
[BlackFideId "13200828"]
[EventDate "2011.04.22"]

1. d4 d5 2. c4 e6 3. Nc3 Be7 4. Nf3 Nf6 5. Bg5 O-O 6. e3 b6 7. cxd5 exd5 8. Bd3
Bb7 9. Qc2 Nbd7 10. O-O h6 11. Bh4 c5 12. Rad1 Qc7 13. Bg3 Bd6 14. Nb5 Qc6 15.
Nxd6 Rfd8 16. Bb5 Qc7 17. Nxf7 Qc8 18. Nd6 Qc7 19. Nf5 Ne5 20. Bxe5 Qf7 21. Nd6
Qe7 22. Nxb7 Qxb7 23. Bxf6 gxf6 24. Qg6+ Qg7 25. Qxg7+ Kxg7 26. dxc5 bxc5 27.
Bc6 Rab8 28. Bxd5 Rxb2 29. Bb3 Rxd1 30. Rxd1 c4 31. Bxc4 Rb7 32. Nd4 Kg6 33.
Bd3+ Kf7 34. Nf5 1-0

[Event "17th Asian Cities"]
[Site "Jakarta INA"]
[Date "2011.04.22"]
[Round "1.9"]
[White "Ganbold, Choidog"]
[Black "Kyaw Lin Naing"]
[Result "1/2-1/2"]
[BlackTitle "FM"]
[WhiteElo "2196"]
[BlackElo "2229"]
[WhiteTeam "Erdenet"]
[BlackTeam "Yangon"]
[WhiteFideId "4900480"]
[BlackFideId "13002953"]
[EventDate "2011.04.22"]

1. d4 Nf6 2. c4 e6 3. Nc3 Bb4 4. a3 Bxc3+ 5. bxc3 b6 6. f3 d5 7. e3 O-O 8. Bd3
Nc6 9. Ne2 Na5 10. cxd5 exd5 11. O-O Re8 12. Ng3 c5 13. Re1 cxd4 14. cxd4 Bb7
15. Bd2 Nc4 16. Bxc4 dxc4 17. Bc1 b5 18. e4 a5 19. Be3 b4 20. Rb1 b3 21. d5 a4
22. Bd4 Rc8 23. Qd2 Nd7 24. Qb4 Ba8 25. Rec1 Ne5 26. Qxa4 Bc6 27. Qa7 Re7 28.
Qb6 Qxb6 29. Bxb6 Ba4 30. Nf5 Rd7 31. Rc3 f6 32. Be3 Nd3 33. h4 b2 34. Nd4 Rb7
35. Bd2 Bb3 36. Rxd3 cxd3 37. Rxb2 Bxd5 38. Rxb7 Bxb7 39. Kf2 Ba6 40. Ke3 Kf7
41. a4 Re8 42. Nc6 Ra8 43. a5 Bb5 44. Nd4 Ba6 45. Nb3 Rc8 46. Nd4 g6 47. h5 Rc5
48. hxg6+ hxg6 49. Kf4 Rc4 50. Ke3 Rc5 51. Kf4 Rc4 52. Ke3 Rc5 1/2-1/2

[Event "17th Asian Cities"]
[Site "Jakarta INA"]
[Date "2011.04.22"]
[Round "1.10"]
[White "Kadek, Iin Dwijayanti"]
[Black "Lane, Gary W."]
[Result "0-1"]
[WhiteTitle "WCM"]
[BlackTitle "IM"]
[WhiteElo "1919"]
[BlackElo "2366"]
[WhiteTeam "Pekanbaru"]
[BlackTeam "Sydney"]
[WhiteFideId "7101066"]
[BlackFideId "3203301"]
[EventDate "2011.04.22"]

1. e4 e5 2. Nf3 Nc6 3. Nc3 Nf6 4. d4 exd4 5. Nxd4 Bb4 6. Nxc6 bxc6 7. Bd3 O-O 8.
O-O d5 9. exd5 cxd5 10. Bg5 c6 11. Qf3 Be7 12. Rfe1 Re8 13. h3 h6 14. Bf4 Be6
15. Ne2 c5 16. Ng3 Qb6 17. b3 a5 18. Nf5 Bxf5 19. Bxf5 a4 20. Rad1 axb3 21. axb3
Rad8 22. Be5 g6 23. Bd3 Nh7 24. Qf4 Bg5 25. Qg3 c4 26. bxc4 dxc4 27. Bxc4 Qb4
28. Bd3 Nf8 29. Re4 Qxe4 30. Bxe4 Rxd1+ 31. Kh2 Nd7 32. f4 Nxe5 33. fxg5 hxg5
34. Qxg5 Rd4 35. Bb7 Kg7 36. Qe3 Ng4+ 0-1

[Event "17th Asian Cities"]
[Site "Jakarta INA"]
[Date "2011.04.22"]
[Round "1.12"]
[White "Saleh, Nagueb"]
[Black "Shrestha, Bilam Lal"]
[Result "1-0"]
[BlackTitle "FM"]
[WhiteElo "2194"]
[BlackElo "2129"]
[WhiteTeam "Dubai"]
[BlackTeam "Kathmandu"]
[WhiteFideId "9300058"]
[BlackFideId "12300047"]
[EventDate "2011.04.22"]

1. Nf3 d6 2. c4 e5 3. Nc3 f5 4. d3 Nf6 5. g3 Be7 6. Bg2 c6 7. O-O O-O 8. b4 a5
9. b5 c5 10. Rb1 Nbd7 11. Ng5 Nb6 12. f4 h6 13. Nf3 Kh8 14. Kh1 e4 15. Nh4 Qe8
16. dxe4 Nxe4 17. Nxe4 fxe4 18. Qc2 Bxh4 19. gxh4 Bf5 20. Bb2 Qe7 21. Rbd1 Rad8
22. Rg1 Rf7 23. h5 Qe6 24. Rc1 Re7 25. Bf1 Rg8 26. e3 Bg4 27. Be2 Bf3+ 28. Bxf3
exf3 29. Rg6 Rge8 30. Rxe6 Rxe6 31. Rg1 R8e7 32. f5 Rxe3 33. f6 R7e4 34. f7 Nd7
35. Rxg7 Re6 1-0

[Event "17th Asian Cities"]
[Site "Jakarta INA"]
[Date "2011.04.22"]
[Round "1.12"]
[White "Bajracharya, Rajendra"]
[Black "Abdulla, Ali"]
[Result "1-0"]
[WhiteElo "1989"]
[BlackElo "1669"]
[WhiteTeam "Kathmandu"]
[BlackTeam "Dubai"]
[WhiteFideId "12300241"]
[BlackFideId "9302336"]
[EventDate "2011.04.22"]

1. e4 e6 2. d4 d5 3. Nd2 dxe4 4. Nxe4 Nd7 5. Nf3 Ngf6 6. Ng3 c5 7. Be2 b6 8. c3
Bb7 9. O-O Be7 10. Qc2 O-O 11. Ne5 cxd4 12. cxd4 Rc8 13. Qa4 a6 14. Bf4 b5 15.
Qd1 Nd5 16. Bd2 f5 17. Nd3 Bd6 18. Bf3 Qh4 19. Qe1 Rce8 20. Ne5 Bxe5 21. dxe5 g5
22. Qc1 f4 23. Re1 fxg3 24. hxg3 Qd4 25. Bxg5 Nxe5 26. Re4 Nxf3+ 27. gxf3 Qd3
28. Bh6 Rf6 29. Qg5+ Rg6 30. Rxe6 Rxe6 31. Qd8+ 1-0

[Event "17th Asian Cities"]
[Site "Jakarta INA"]
[Date "2011.04.23"]
[Round "2.1"]
[White "Wang, Rui"]
[Black "Arvind, Shastry"]
[Result "1-0"]
[WhiteTitle "GM"]
[WhiteElo "2437"]
[BlackElo "2297"]
[WhiteTeam "Shi Jiazhuang"]
[BlackTeam "Bangalore"]
[WhiteFideId "8601003"]
[BlackFideId "5008778"]
[EventDate "2011.04.22"]

1. d4 Nf6 2. c4 c5 3. d5 e6 4. Nc3 exd5 5. cxd5 Bd6 6. Nf3 O-O 7. g3 Re8 8. Bg2
Bf8 9. O-O d6 10. Nd2 Na6 11. Nc4 Rb8 12. a4 Nb4 13. Re1 b6 14. h3 a6 15. Na2
Nxa2 16. Rxa2 Qc7 17. Qc2 b5 18. axb5 axb5 19. Na5 Ra8 20. Bd2 Bd7 21. Bc3 Ra7
22. b4 cxb4 23. Bxb4 Qxc2 24. Rxc2 Bf5 25. Rb2 Be4 26. Rd1 Rc7 27. e3 Rec8 28.
Bxe4 Nxe4 29. Nc6 Nf6 30. Ba5 Rb7 31. Rc2 Ra8 32. Bc3 Ne4 33. Kg2 g6 34. g4 Ra2
35. Rxa2 Nxc3 36. Rdd2 Nxa2 37. Rxa2 b4 38. Rb2 b3 39. Nd4 Rc7 40. Rxb3 Rc5 41.
Rb5 Rc3 42. Rb8 Rc5 43. Rb5 Rc3 44. Nc6 Rd3 45. e4 Bh6 46. e5 dxe5 47. Nxe5 Rd2
48. Kf3 f6 49. Nc4 Rd4 50. Nd6 Bg5 51. Ne4 h5 52. Nxg5 fxg5 53. Ke3 Rd1 54. Ke4
Kf7 55. Rb3 hxg4 56. hxg4 Rg1 57. Rg3 Ra1 58. Ke5 Ke7 59. d6+ Kd7 60. Rd3 Ra8
61. f3 Rf8 62. Ra3 Re8+ 63. Kd5 Re1 64. Ra7+ Kd8 65. Rg7 Rd1+ 66. Ke6 Re1+ 67.
Kf6 Re3 68. Kxg5 Rxf3 69. Kxg6 Rd3 70. d7 Rh3 71. Rf7 Rd3 72. g5 Rd1 73. Kh6
Rh1+ 74. Kg7 Rg1 75. g6 Rg2 76. Kh7 Rg1 77. g7 Rh1+ 78. Kg8 1-0

[Event "17th Asian Cities"]
[Site "Jakarta INA"]
[Date "2011.04.23"]
[Round "2.2"]
[White "So, Wesley"]
[Black "Hamdani, Rudin"]
[Result "0-1"]
[WhiteTitle "GM"]
[BlackTitle "FM"]
[WhiteElo "2667"]
[BlackElo "2368"]
[WhiteTeam "Tagaytay"]
[BlackTeam "Palembang"]
[WhiteFideId "5202213"]
[BlackFideId "7100213"]
[EventDate "2011.04.22"]

1. e4 c5 2. Nf3 d6 3. Nc3 Nc6 4. d4 cxd4 5. Nxd4 Nf6 6. Bg5 e6 7. Qd2 Be7 8.
O-O-O O-O 9. f3 a6 10. h4 Nxd4 11. Qxd4 Qa5 12. Kb1 b5 13. a3 Rd8 14. Qd2 Qc7
15. g4 Bb7 16. Ne2 Rac8 17. Ng3 Ba8 18. Rg1 Bc6 19. Bh3 a5 20. Rg2 b4 21. Nh5
Ne8 22. axb4 d5 23. Bxe7 Qxe7 24. e5 axb4 25. g5 Bb5 26. Rg4 Bc4 27. b3 Ra8 28.
Qd4 Nc7 29. g6 hxg6 30. Nf6+ gxf6 31. exf6 Qf8 32. bxc4 dxc4 33. Qg1 Rxd1+ 34.
Qxd1 Nb5 0-1

[Event "17th Asian Cities"]
[Site "Jakarta INA"]
[Date "2011.04.23"]
[Round "2.2"]
[White "Gomez, John Paul"]
[Black "Tirto"]
[Result "1/2-1/2"]
[WhiteTitle "GM"]
[BlackTitle "IM"]
[WhiteElo "2538"]
[BlackElo "2337"]
[WhiteTeam "Tagaytay"]
[BlackTeam "Palembang"]
[WhiteFideId "5201381"]
[BlackFideId "7101058"]
[EventDate "2011.04.22"]

1. d4 d5 2. c4 c6 3. Nf3 Nf6 4. e3 Bg4 5. Qb3 Qb6 6. Nc3 e6 7. Nh4 Be7 8. h3 Bh5
9. g4 Bg6 10. Nxg6 hxg6 11. Bg2 Nbd7 12. g5 Ng8 13. e4 dxe4 14. Nxe4 Bb4+ 15.
Ke2 Rh4 16. Be3 Ne7 17. c5 Qa6+ 18. Kd1 Ba5 19. Nd6+ Kf8 20. Bf1 b5 21. a4 Bc7
22. Ra3 Bxd6 23. axb5 Qb7 24. cxd6 Nd5 25. Rg1 Rb8 26. Rg4 Rxg4 27. hxg4 cxb5
28. Bd2 Qb6 29. Qh3 Kg8 30. Rd3 Qxd6 31. Qh4 f6 32. gxf6 N7xf6 33. g5 Nh5 34.
Qe4 Rf8 35. Qxg6 Rxf2 36. Ke1 Rxf1+ 37. Kxf1 Qf8+ 38. Kg1 Nhf4 39. Qe4 Nxd3 40.
Qxd3 1/2-1/2

[Event "17th Asian Cities"]
[Site "Jakarta INA"]
[Date "2011.04.23"]
[Round "2.2"]
[White "Kaisar, Jenius Hakiki"]
[Black "Laylo, Darwin"]
[Result "1-0"]
[BlackTitle "GM"]
[WhiteElo "2251"]
[BlackElo "2516"]
[WhiteTeam "Palembang"]
[BlackTeam "Tagaytay"]
[WhiteFideId "7102097"]
[BlackFideId "5201330"]
[EventDate "2011.04.22"]

1. e4 c5 2. Nf3 e6 3. d4 cxd4 4. Nxd4 a6 5. Bd3 Nf6 6. O-O d6 7. Qe2 g6 8. c4
Bg7 9. Nc3 O-O 10. Rd1 Qc7 11. Be3 Nbd7 12. Rac1 b6 13. f3 Bb7 14. Qd2 Rac8 15.
Bf1 Rfd8 16. Kh1 Qb8 17. Nc2 Bf8 18. Bf4 Ne5 19. Ne3 h6 20. Bg3 g5 21. a3 Be7
22. b4 Nh5 23. Bf2 Nf4 24. Qd4 Ba8 25. h3 Bf6 26. Qd2 h5 27. Bg3 Kg7 28. h4 Nfg6
29. hxg5 Bxg5 30. Nf5+ exf5 31. Qxg5 fxe4 32. Nxe4 Bxe4 33. fxe4 Re8 34. Kg1 b5
35. c5 dxc5 36. bxc5 Qb7 37. Rd6 Kf8 38. Rd5 Ng4 39. Bd3 Re6 40. Rf1 Kg7 41.
Qxh5 Ne3 42. Rf3 Rh8 43. Qg5 Nc4 44. Bf2 Ne5 45. Bd4 Rhe8 46. Rf5 Qc7 47. c6 f6
48. Bxe5 1-0

[Event "17th Asian Cities"]
[Site "Jakarta INA"]
[Date "2011.04.23"]
[Round "2.3"]
[White "Al-Ali, Hussein Ali Hussein"]
[Black "Kazhgaleyev, Murtas"]
[Result "0-1"]
[WhiteTitle "FM"]
[BlackTitle "GM"]
[WhiteElo "2377"]
[BlackElo "2618"]
[WhiteTeam "Baghdad"]
[BlackTeam "Astana"]
[WhiteFideId "4800192"]
[BlackFideId "13700316"]
[EventDate "2011.04.22"]

1. d4 d6 2. Nf3 Nf6 3. g3 g6 4. Bg2 Bg7 5. O-O O-O 6. Nc3 Nbd7 7. e4 e5 8. h3 c6
9. a4 b6 10. Re1 Bb7 11. dxe5 dxe5 12. Be3 a6 13. Nd2 b5 14. axb5 axb5 15. Nb3
Qc7 16. Qe2 Rfe8 17. f3 Nb6 18. Nd2 b4 19. Qf2 Nfd7 20. Ne2 c5 21. b3 c4 22. g4
Bf8 23. Bf1 c3 24. Nc4 Nxc4 25. bxc4 Bc5 26. Bxc5 Nxc5 27. Rab1 Ra4 28. Nc1 Ba6
29. Rd1 Rb8 30. Rd5 Ne6 31. Nb3 Bxc4 32. Bxc4 Qxc4 33. Rxe5 Rd8 34. Qb6 Raa8 35.
Qb5 Qc7 36. Kh1 Qa7 37. Rxe6 fxe6 38. Qxb4 Qe3 39. Rf1 Rd1 40. Rxd1 Qxf3+ 41.
Kh2 Qxd1 42. Qc4 Qd6+ 43. Kg2 Qa6 44. Qxc3 Qe2+ 45. Kg3 Rf8 46. Qd2 Qxe4 47. Nd4
e5 48. Ne6 Qf3+ 0-1

[Event "17th Asian Cities"]
[Site "Jakarta INA"]
[Date "2011.04.23"]
[Round "2.3"]
[White "Jumabayev, Rinat"]
[Black "Ahmad, AzizJawad Obada"]
[Result "1-0"]
[WhiteTitle "GM"]
[BlackTitle "IM"]
[WhiteElo "2562"]
[BlackElo "2348"]
[WhiteTeam "Astana"]
[BlackTeam "Baghdad"]
[WhiteFideId "13702661"]
[BlackFideId "4800680"]
[EventDate "2011.04.22"]

1. d4 d5 2. c4 c6 3. Nf3 Nf6 4. e3 g6 5. Nc3 Bg7 6. Be2 O-O 7. O-O dxc4 8. Bxc4
b5 9. Be2 Bb7 10. Qc2 Nbd7 11. b4 a5 12. Ba3 Re8 13. Rfd1 Qb6 14. Rab1 e5 15.
bxa5 Qxa5 16. Bb4 Qa7 17. Nxe5 Nxe5 18. dxe5 Rxe5 19. Bf3 Bf8 20. Bxf8 Kxf8 21.
Rd6 Ne8 22. Rd4 Rc5 23. h3 Qa5 24. Rb3 Bc8 25. Qb2 Be6 26. Ne4 Qe1+ 27. Kh2 Rc1
28. Ra3 Rc8 29. Ng5 Qg1+ 30. Kg3 Ng7 31. Rf4 Kg8 32. Ra7 Rf8 33. Qxg7+ Kxg7 34.
Nxe6+ 1-0

[Event "17th Asian Cities"]
[Site "Jakarta INA"]
[Date "2011.04.23"]
[Round "2.4"]
[White "Ghaem Maghami, Ehsan"]
[Black "Nyi Nyi Lwin"]
[Result "1-0"]
[WhiteTitle "GM"]
[WhiteElo "2606"]
[BlackElo "2219"]
[WhiteTeam "Tehran"]
[BlackTeam "Yangon"]
[WhiteFideId "12500739"]
[BlackFideId "13002481"]
[EventDate "2011.04.22"]

1. Nf3 Nf6 2. c4 c5 3. Nc3 Nc6 4. d4 cxd4 5. Nxd4 d6 6. e4 g6 7. Be2 Bg7 8. Be3
Bd7 9. O-O O-O 10. Nb3 Rc8 11. f4 Qc7 12. Rc1 Rfd8 13. Qe1 Qb8 14. Qh4 e6 15.
Rcd1 Ne8 16. c5 Bf6 17. Qf2 Be7 18. h4 h5 19. Qg3 Ng7 20. f5 exf5 21. cxd6 Bf6
22. Nd5 Bxb2 23. Bf4 fxe4 24. Ne7+ Kh7 25. Qg5 Nf5 26. Bxh5 Ne5 27. Bxe5 Bxe5
28. Bxg6+ fxg6 29. Qxg6+ Kh8 30. Rxf5 Bxf5 31. Qh5+ Kg7 32. Nxf5+ Kf6 1-0

[Event "17th Asian Cities"]
[Site "Jakarta INA"]
[Date "2011.04.23"]
[Round "2.4"]
[White "Zaw Oo"]
[Black "Golizadeh, Asghar"]
[Result "1/2-1/2"]
[WhiteTitle "FM"]
[BlackTitle "IM"]
[WhiteElo "2291"]
[BlackElo "2492"]
[WhiteTeam "Yangon"]
[BlackTeam "Tehran"]
[WhiteFideId "13000195"]
[BlackFideId "12505269"]
[EventDate "2011.04.22"]

1. d4 Nf6 2. c4 c5 3. d5 e6 4. Nc3 exd5 5. cxd5 d6 6. e4 g6 7. f4 Bg7 8. Nf3 O-O
9. Be2 Bg4 10. O-O Re8 11. h3 Bxf3 12. Bxf3 Nbd7 13. a4 a6 14. Re1 Rb8 15. a5 b5
16. axb6 Rxb6 17. Qc2 Qc7 18. Be3 Reb8 19. Ra2 Ne8 20. Kh1 Qd8 21. Bf2 Bd4 22.
Bg3 g5 23. e5 gxf4 24. e6 Ne5 25. exf7+ Nxf7 26. Bxf4 Qh4 27. Bd2 Nf6 28. Rf1
Be5 29. Be1 Qh6 30. Bd2 Qg7 31. Be1 Ng5 32. Be2 Qh6 33. Bd2 Qh4 34. Be1 Qh6 35.
Bd2 Qg7 36. Bc1 Rb4 37. Ra4 Nfe4 38. Nxe4 Nxe4 39. Qxe4 Rxe4 40. Rxe4 Rb4 41.
Bc4 h5 42. Rf3 Qg6 43. Rfe3 Qh7 44. Re1 Rxc4 45. Rxc4 Qd3 46. Rce4 Qg3 47. Bf4
Bxf4 48. Re8+ Kf7 49. R1e7+ Kf6 50. Re6+ Kf7 51. R6e7+ 1/2-1/2

[Event "17th Asian Cities"]
[Site "Jakarta INA"]
[Date "2011.04.23"]
[Round "2.5"]
[White "Lane, Gary W."]
[Black "Barus, Cerdas"]
[Result "1-0"]
[WhiteTitle "IM"]
[BlackTitle "GM"]
[WhiteElo "2366"]
[BlackElo "2443"]
[WhiteTeam "Sydney"]
[BlackTeam "Jakarta"]
[WhiteFideId "3203301"]
[BlackFideId "7100094"]
[EventDate "2011.04.22"]

1. e4 e5 2. Nf3 Nc6 3. Bb5 a6 4. Ba4 Nf6 5. O-O Be7 6. Re1 b5 7. Bb3 d6 8. c3
O-O 9. d4 Bg4 10. d5 Na5 11. Bc2 c6 12. h3 Bd7 13. Nxe5 dxe5 14. d6 Be6 15. dxe7
Qxe7 16. Nd2 Rfd8 17. Qf3 Nd7 18. Nf1 Nf8 19. Ne3 f6 20. Nf5 Qc7 21. h4 Nc4 22.
h5 Bxf5 23. exf5 h6 24. Bb3 Kh8 25. Qg4 Na5 26. Bc2 Nc4 27. a4 c5 28. f4 exf4
29. Bxf4 Qf7 30. Be4 Rac8 31. axb5 axb5 32. Qe2 Re8 33. Qf3 Ne5 34. Bxe5 Rxe5
35. Bc6 Rxe1+ 36. Rxe1 b4 37. Bd5 Qc7 38. Qe4 bxc3 39. bxc3 Rd8 40. c4 Rb8 41.
Qe7 Qg3 42. Rc1 Qf4 43. Re1 Qg3 44. Bf7 Nh7 45. Bg6 Nf8 46. Rf1 Nh7 47. Re1 Nf8
48. Bf7 Nh7 49. Qe3 Qd6 50. Bd5 Nf8 51. Qe7 Qg3 52. Bf7 Nh7 53. Rd1 Nf8 54. Bg6
Kg8 1-0

[Event "17th Asian Cities"]
[Site "Jakarta INA"]
[Date "2011.04.23"]
[Round "2.5"]
[White "Purnama, Tirta Chandra"]
[Black "Reilly, Tim"]
[Result "1-0"]
[WhiteTitle "IM"]
[BlackTitle "FM"]
[WhiteElo "2404"]
[BlackElo "2271"]
[WhiteTeam "Jakarta"]
[BlackTeam "Sydney"]
[WhiteFideId "7101422"]
[BlackFideId "3200302"]
[EventDate "2011.04.22"]

1. d4 d6 2. Nf3 g6 3. g3 Bg7 4. Bg2 f5 5. c4 Nf6 6. Nc3 O-O 7. O-O Qe8 8. Re1
Qf7 9. Qd3 h6 10. b3 Nc6 11. Ba3 a5 12. Rad1 Re8 13. d5 Nb4 14. Qb1 Bd7 15. Bb2
e5 16. dxe6 Bxe6 17. Nd4 c6 18. e4 fxe4 19. Nxe4 Rad8 20. Nxf6+ 1-0

[Event "17th Asian Cities"]
[Site "Jakarta INA"]
[Date "2011.04.23"]
[Round "2.5"]
[White "Jones, Lee"]
[Black "Megaranto, Susanto"]
[Result "0-1"]
[WhiteTitle "FM"]
[BlackTitle "GM"]
[WhiteElo "2109"]
[BlackElo "2533"]
[WhiteTeam "Sydney"]
[BlackTeam "Jakarta"]
[WhiteFideId "3203263"]
[BlackFideId "7101384"]
[EventDate "2011.04.22"]

1. d4 d6 2. c4 e5 3. d5 f5 4. Nc3 Nf6 5. g3 g6 6. Bg2 Bg7 7. Nf3 a5 8. O-O O-O
9. b3 Na6 10. Bb2 Bd7 11. a3 Qe7 12. Qc2 Nh5 13. Nd2 Rae8 14. Rae1 e4 15. Nd1
Nc5 16. Bxg7 Qxg7 17. b4 axb4 18. axb4 Na6 19. Qb3 Qd4 20. Nb1 Qb6 21. b5 Nc5
22. Qc3 f4 23. Nd2 e3 24. fxe3 fxg3 25. hxg3 Nxg3 26. Rf3 Nf5 27. Ref1 Qa7 28.
Kh1 Qa8 29. Rh3 Qd8 30. Rf4 Ng7 31. Rhf3 Rxf4 32. Rxf4 Nh5 33. Rf2 Ng3+ 34. Kg1
Bg4 35. Bf3 Qg5 36. Bxg4 Qxg4 0-1

[Event "17th Asian Cities"]
[Site "Jakarta INA"]
[Date "2011.04.23"]
[Round "2.5"]
[White "Lioe, Dede"]
[Black "Jones, Brian"]
[Result "1-0"]
[WhiteTitle "IM"]
[BlackTitle "FM"]
[WhiteElo "2418"]
[BlackElo "2046"]
[WhiteTeam "Jakarta"]
[BlackTeam "Sydney"]
[WhiteFideId "7100566"]
[BlackFideId "3200663"]
[EventDate "2011.04.22"]

1. c4 Nf6 2. Nc3 g6 3. g3 Bg7 4. Bg2 O-O 5. Nf3 d6 6. d4 Nc6 7. O-O a6 8. h3 Rb8
9. Be3 b5 10. Nd2 Bd7 11. Rc1 b4 12. Nd5 Nxd5 13. cxd5 Nxd4 14. Nc4 e5 15. Na5
Rb5 16. Nb3 Nxb3 17. Qxb3 Qb8 18. Rc4 a5 19. Rfc1 Rb7 20. Qc2 b3 21. axb3 Rxb3
22. Rxc7 Rxb2 23. Qc3 Bf5 24. g4 Bb1 25. Qxa5 e4 26. Qa3 Qb3 27. Qxd6 Rxe2 28.
Qc5 Rxe3 29. Qxe3 Qxe3 30. fxe3 Be5 31. Rc8 Bd3 32. Bf1 Bxf1 33. Kxf1 Rxc8 34.
Rxc8+ Kg7 35. Rd8 Kf6 36. g5+ Kf5 37. Rd7 f6 38. gxf6 Bxf6 39. Rxh7 Ke5 40. Rh6
Bg5 41. Rxg6 Bxe3 42. d6 Bc5 43. d7 1-0

[Event "17th Asian Cities"]
[Site "Jakarta INA"]
[Date "2011.04.23"]
[Round "2.6"]
[White "Shrestha, Bilam Lal"]
[Black "AlHuwar, Jasem"]
[Result "0-1"]
[WhiteTitle "FM"]
[BlackTitle "FM"]
[WhiteElo "2129"]
[BlackElo "2334"]
[WhiteTeam "Kathmandu"]
[BlackTeam "Abu Dhabi"]
[WhiteFideId "12300047"]
[BlackFideId "9300465"]
[EventDate "2011.04.22"]

1. e4 c5 2. Nf3 d6 3. c4 Nf6 4. Nc3 g6 5. d4 cxd4 6. Nxd4 Bg7 7. Be2 O-O 8. Be3
Nc6 9. O-O Bd7 10. Rc1 Nxd4 11. Bxd4 Bc6 12. f3 Nd7 13. b4 b6 14. f4 e5 15. Be3
exf4 16. Bxf4 Ne5 17. Qd2 Rc8 18. Rfd1 f5 19. exf5 Rxf5 20. Bg3 Qe8 21. a3 a6
22. Qxd6 Nf7 23. Qd3 Rd8 24. Nd5 Bxd5 25. cxd5 Rfxd5 26. Qxa6 Rxd1+ 27. Rxd1
Rxd1+ 28. Bxd1 Bd4+ 29. Kf1 Qe3 30. Qa8+ Kg7 31. Qf3 Qg1+ 32. Ke2 Ng5 33. Qb7+
Kh6 34. Qe7 Qxg2+ 35. Kd3 Qd5 36. Kc2 Qc4+ 37. Kd2 Bc3+ 38. Ke3 Qd4+ 0-1